Pour une politique globale et coherente du littoral en France : rapport au Premier ministre

Αποθηκεύτηκε σε:
Λεπτομέρειες βιβλιογραφικής εγγραφής
Κύριος συγγραφέας: Bonnot, Yvon
Μορφή: Βιβλίο
Γλώσσα:French
Δημοσίευση: Paris : La Documentation Francaise, c1995
Σειρά:Collection des rapports officiels
Θέματα:
Ετικέτες: Προσθήκη ετικέτας
Δεν υπάρχουν, Καταχωρήστε ετικέτα πρώτοι!

MARC

LEADER 00000nam a2200000 i 4500
001 1/25559
008 980512s1995 fre d
020 |a 2-11-003443-2 
035 |l 10037364 
040 |a GR-MY-UA  |b gre  |e aacr 
041 0 |a fre 
082 0 |a 333.9170944 
100 1 |a Bonnot, Yvon. 
245 1 0 |a Pour une politique globale et coherente du littoral en France :  |b rapport au Premier ministre /  |c Yvon Bonnot 
260 |a Paris :   |b La Documentation Francaise,   |c c1995 
490 1 |a Collection des rapports officiels 
650 0 0 |a Management  |x Environmental aspects  |z France. 
650 0 0 |a Coastal zone management  |z France. 
650 0 0 |a Regional planning  |z France. 
830 0 |a Collection des rapports officiels 
852 |a INST  |b LESVOS  |e 19980512  |h 333.9170944 BON  |p 005100013818  |q 005100013818  |t BK  |y 0 
852 |a INST  |b LESVOS  |e 20000626  |h 333.9170944 BON  |p 005100021202  |q 005100021202  |t BK  |y 0 
901 |a BIBL1-1998-2 
909 |a Λ  |b 056282 
909 |a Λ  |b 060721 
922 |a 1ΕΛΗ  |b 199805  |c ΚΠΣ/ΤΠ  |d ΠΑΠΑΣΩΤΗΡΙΟΥ 
922 |a 1ΕΛΗ  |b 199811  |c ΚΠΣ/ΤΚΑ  |d ΠΑΠΑΣΩΤΗΡΙΟΥ 
950 |a 117-1998-07-08 
950 |a 107-1998-03-04 
970 |z 2000/06/ΟΙΚΟΝΟΜΟΠΟΥΛΟΥ ΧΡΙΣΤΙΝΑ